Library computer (Record no. 10601)

MARC details
000 -LEADER
fixed length control field 00552nam a2200205 4500
005 - DATE AND TIME OF LATEST TRANSACTION
control field 20150622133303.0
008 - FIXED-LENGTH DATA ELEMENTS--GENERAL INFORMATION
fixed length control field 000
020 ## - INTERNATIONAL STANDARD BOOK NUMBER
International Standard Book Number 0713628847
040 ## - CATALOGING SOURCE
Original cataloging agency UOEL
050 ## - LIBRARY OF CONGRESS CALL NUMBER
Classification number Z678.9
Item number F69
100 ## - MAIN ENTRY--PERSONAL NAME
Personal name Fox-Davies, Dick
245 ## - TITLE STATEMENT
Title Library computer
Statement of responsibility, etc Dick Fox-Davies and Pamela Fiddy
260 ## - PUBLICATION, DISTRIBUTION, ETC. (IMPRINT)
Place of publication, distribution, etc London
Name of publisher, distributor, etc A&C Black (Publishers) Limited,
Date of publication, distribution, etc 1987
300 ## - PHYSICAL DESCRIPTION
Extent 25 p.
Other physical details ill.
440 ## - SERIES STATEMENT/ADDED ENTRY--TITLE
Title Computers in action
521 ## - TARGET AUDIENCE NOTE
Target audience note Includes index
650 ## - SUBJECT ADDED ENTRY--TOPICAL TERM
Source of heading or term Libraries-Automation
General subdivision Book industries and trade
700 ## - ADDED ENTRY--PERSONAL NAME
Personal name Fiddy, Pamela
942 ## - ADDED ENTRY ELEMENTS (KOHA)
Source of classification or shelving scheme Library of Congress Classification
Item type Loan - Normal on open shelf
Holdings
Withdrawn status Lost status Source of classification or shelving scheme Damaged status Not for loan Home library Current library Shelving location Date acquired Total Checkouts Full call number Date last seen Price effective from Koha item type
    Library of Congress Classification     UOE Main Library UOE Main Library Open shelf 22/06/2015   Z678.9 F69 22/06/2015 22/06/2015 Loan - Normal on open shelf